Проза Русского Зарубежья . II; Плен; Правда о 7000 растрелянных; Виталий-Монах; Петр-Сборщик податей; Кадет; Сны; Поликсена; Треуголка; Кровельщик; Академия художеств; Сюзи; Полок; Шум шагов Франсуа Виллона; Из записок бесстыдного молодого человека; Свидетель истории; Радиограмма Цепелину; Европейский фильм Чаплина; Неразмыканная напряженность; Мерять температуру; Оцепенение; Статуя поражения; Летучая мышь; Покупательница; Валькирия; Тринадцатый; Памяти твоей; Кузькина Мать; Черкес; Микита Скрипач; Тринадцатые; Счастье

Bibliographic Details
Other Authors: Дарк О. И. (составитель), Медведев В. В. (иллюстратор)
Language:Russian
Published: Москва, Слово/Slovo, 2000
TOC:Плен;
И. И. Савин, Правда о 7000 растрелянных;
Виталий-Монах;
Е. Ю. Кузьмина-Караваева, Петр-Сборщик податей;
Л. Ф. Зуров, Кадет;
Б. Тимирязев, Сны;
Поликсена;
Треуголка;
Кровельщик;
Академия художеств;
Сюзи;
И. С. Лукаш, Полок;
Шум шагов Франсуа Виллона;
В. С. Варшавский, Из записок бесстыдного молодого человека;
М. А. Осоргин, Свидетель истории;
Радиограмма Цепелину;
Европейский фильм Чаплина;
Неразмыканная напряженность;
Мерять температуру;
Оцепенение;
Статуя поражения;
С. И. Шаршун, Летучая мышь;
Покупательница;
Валькирия;
Тринадцатый;
Г. Песков, Памяти твоей;
Кузькина Мать;
Черкес;
В. Г. Федоров, Микита Скрипач;
В. С. Яновский, Тринадцатые;
Ю. Фельзен, Счастье;
Series:Пушкинская библиотека
Subjects:
Format: Book
KOHA link:https://koha.lib.tpu.ru/cgi-bin/koha/opac-detail.pl?biblionumber=30739

MARC

LEADER 00000nam0a2200000 4500
001 30739
005 20231101210006.0
010 |a 5850504389 
035 |a (RuTPU)RU\TPU\book\31014 
035 |a BOOK00000020 
090 |a 30739 
100 |a 20011209d2000 m y0rusy50 ca 
101 0 |a rus 
102 |a RU 
105 |a y z 000ad 
200 1 |a Проза Русского Зарубежья . II  |f сост. О. И. Дарк; худож. В. В. Медведев 
210 |a Москва  |c Слово/Slovo  |d 2000 
215 |a 640 с. 
225 1 |a Пушкинская библиотека 
320 |a Комментарии: с. 606-638. 
464 |t Плен 
464 |t Правда о 7000 растрелянных  |f И. И. Савин 
464 |t Виталий-Монах 
464 |t Петр-Сборщик податей  |o из книги "Жатва духа"  |f Е. Ю. Кузьмина-Караваева 
464 |t Кадет  |o повесть  |f Л. Ф. Зуров 
464 |t Сны  |o рассказ  |f Б. Тимирязев 
464 |t Поликсена 
464 |t Треуголка 
464 |t Кровельщик 
464 |t Академия художеств 
464 |t Сюзи 
464 |t Полок  |o из сборника рассказов "Дворцовые гренадеры" и "Сны Петра"  |f И. С. Лукаш 
464 |t Шум шагов Франсуа Виллона 
464 |t Из записок бесстыдного молодого человека  |o оптимистический рассказ  |f В. С. Варшавский 
464 |t Свидетель истории  |o роман  |f М. А. Осоргин 
464 |t Радиограмма Цепелину 
464 |t Европейский фильм Чаплина 
464 |t Неразмыканная напряженность 
464 |t Мерять температуру 
464 |t Оцепенение 
464 |t Статуя поражения 
464 |t Летучая мышь  |o из книги "Небо-колокол" и "Неприятные рассказы"  |f С. И. Шаршун 
464 |t Покупательница 
464 |t Валькирия 
464 |t Тринадцатый 
464 |t Памяти твоей  |o из сборника рассказов "Памяти твоей"  |f Г. Песков 
464 |t Кузькина Мать 
464 |t Черкес 
464 |t Микита Скрипач  |o из книги "Суд Вареника"  |f В. Г. Федоров 
464 |t Тринадцатые  |o рассказ  |f В. С. Яновский 
464 |t Счастье  |o роман  |f Ю. Фельзен  |a Яновский, Василий Семенович 
600 1 |a Савин  |b И. И.  |c настоящая фамилия Саволайнен  |c поэт русского зарубежья  |f 1899-1927  |g Иван Иванович  |2 stltpush  |3 (RuTPU)RU\TPU\pers\9782  |9 1990 
600 1 |a Кузьмина-Караваева  |b Е. Ю.  |c девичья фамилия Пиленко  |c в монашестве мать Мария  |f 1891-1945  |g Елизавета Юрьевна  |c российская поэтесса  |2 stltpush  |3 (RuTPU)RU\TPU\pers\9781 
600 1 |a Осоргин  |b М. А.  |c русский писатель  |f 1878-1942  |g Михаил Андреевич  |c настоящая фамилия Ильин  |2 stltpush  |3 (RuTPU)RU\TPU\pers\12180 
600 1 |a Зуров  |b Л. Ф.  |c русский писатель  |f 1902-1971  |g Леонид Федорович  |2 stltpush  |3 (RuTPU)RU\TPU\pers\15971  |9 5577 
600 1 |a Лукаш  |b И. С.  |c русский писатель  |f 1892-1940  |g Иван Созонтьевич  |2 stltpush  |3 (RuTPU)RU\TPU\pers\15973  |9 5579 
600 1 |a Варшавский  |b В. С.  |c русский писатель  |f 1906-1977  |g Владимир Сергеевич  |2 stltpush  |3 (RuTPU)RU\TPU\pers\15974  |9 5580 
600 1 |a Шаршун  |b С. И.  |c русский писатель  |f 1888-1975  |g Сергей Иванович  |2 stltpush  |3 (RuTPU)RU\TPU\pers\15975  |9 5581 
600 1 |a Федоров  |b В. Г.  |c русский писатель  |f 1895-1959  |g Василий Георгиевич  |2 stltpush  |3 (RuTPU)RU\TPU\pers\15977  |9 5583 
600 1 |a Яновский  |b В. С.  |c русский писатель  |f 1906-1989  |g Василий Семенович  |2 stltpush  |3 (RuTPU)RU\TPU\pers\15978  |9 5584 
600 1 |a Анненков  |b Ю. П.  |c русский живописец и график, художник театра и кино, заметная фигура русского авангарда, литератор  |c псевдоним Борис Тимирязев  |f 1889-1974  |g Юрий Павлович  |2 stltpush  |3 (RuTPU)RU\TPU\pers\15972  |9 5578 
600 1 |a Дейша-Сионицкая  |b Е. А.  |c писательница русского зарубежья  |c псевдоним Георгий Песков  |f 1885-1977  |g Елена Альбертовна  |c с 1924 г. в эмиграции во Франции  |2 stltpush  |3 (RuTPU)RU\TPU\pers\15976 
610 1 |a проза 
610 1 |a Русское Зарубежье 
610 1 |a повести 
610 1 |a рассказы 
675 |a Р1  |v 3 
702 1 |a Дарк  |b О. И.  |4 220 
702 1 |a Медведев  |b В. В.  |4 440 
801 0 |a RU  |b 63413507  |c 20011209  |g PSBO 
801 2 |a RU  |b 63413507  |c 20070323  |g PSBO 
942 |c BK